[Event "DEM U18w 2003"]
[Site "Willingen GER"]
[Date "2003.06.08"]
[Round "2"]
[White "Fey, Franziska"]
[Black "Brethauer, Sarah"]
[Result "1-0"]
[Termination "normal"]
[Board "9"]
[WhiteElo "2045"]
[BlackElo "1646"]
[PlyCount "79"]
[WhiteFideId "4672992"]
[BlackFideId "24605220"]
[EventCountry "GER"]
[EventRounds "9"]
[EventType "swiss"]
[EventDate "2003.06.07"]

1. d4 d5 2. c4 c6 3. Nf3 Nf6 4. Nc3 dxc4 5. a4 Bf5 6. Ne5 e6 7. Nxc4 Nbd7 8. e3
Bb4 9. Bd2 O-O 10. Be2 Qc7 11. O-O e5 12. d5 a6 13. dxc6 bxc6 14. Rc1 a5 15.
Nb1 Rab8 16. Nc3 Rfd8 17. f3 Nc5 18. e4 Be6 19. Qc2 h6 20. Be3 Rd7 21. Na2 Na6
22. Kh1 Be7 23. Qc3 Nb4 24. Nxb4 Rxb4 25. Nxe5 Rb3 26. Nxd7 Rxc3 27. Nxf6+ Bxf6
28. bxc3 Bb3 29. Bd1 Bc4 30. Re1 c5 31. Be2 Bb3 32. Bb5 c4 33. Bd4 Bg5 34. Be3
Bf6 35. Re2 Be5 36. g3 Bxg3 37. hxg3 Qxg3 38. Rf2 Qh3+ 39. Kg1 Qg3+ 40. Kf1 1-0

[Event "DEM U18w 2003"]
[Site "Willingen GER"]
[Date "2003.06.08"]
[Round "2"]
[White "Beltz, Franziska"]
[Black "Becker, Natalie"]
[Result "1-0"]
[Termination "normal"]
[Board "10"]
[WhiteElo "2010"]
[BlackElo "1597"]
[PlyCount "37"]
[WhiteFideId "4681401"]
[EventCountry "GER"]
[EventRounds "9"]
[EventType "swiss"]
[EventDate "2003.06.07"]

1. e4 g6 2. d4 d6 3. Nc3 Bg7 4. f4 c5 5. dxc5 dxc5 6. Qxd8+ Kxd8 7. e5 b6 8.
Bc4 Bb7 9. Nf3 e6 10. Be3 Ke7 11. O-O Nc6 12. Bf2 Nh6 13. Rad1 Rhc8 14. Bh4+
Kf8 15. Rd7 Rab8 16. Ng5 Kg8 17. Nxe6 fxe6 18. Bxe6+ Kh8 19. Rxb7 1-0

[Event "DEM U18w 2003"]
[Site "Willingen GER"]
[Date "2003.06.08"]
[Round "2"]
[White "Zhang, Fan"]
[Black "Lunz, Pia"]
[Result "1-0"]
[Termination "normal"]
[Board "11"]
[WhiteElo "1896"]
[BlackElo "1593"]
[PlyCount "49"]
[WhiteFideId "24609730"]
[EventCountry "GER"]
[EventRounds "9"]
[EventType "swiss"]
[EventDate "2003.06.07"]

1. d4 e6 2. Nf3 Nf6 3. Bg5 d5 4. e3 c5 5. c3 Bd6 6. Nbd2 Nc6 7. Bd3 b6 8. Bb5
Bd7 9. O-O Be7 10. Qe2 O-O 11. Rfe1 h6 12. Bh4 cxd4 13. exd4 Re8 14. Bd3 a5 15.
Ne5 Nxe5 16. dxe5 Nh7 17. Bxe7 Qxe7 18. f4 Nf8 19. Qg4 Qc5+ 20. Kh1 b5 21. Nf1
Re7 22. Re3 Be8 23. Rg3 g6 24. Rh3 Kh7 25. Qg5 1-0

[Event "DEM U18w 2003"]
[Site "Willingen GER"]
[Date "2003.06.08"]
[Round "2"]
[White "Thiery, Jennifer"]
[Black "Buncke, Johanna"]
[Result "1-0"]
[Termination "normal"]
[Board "12"]
[WhiteElo "1738"]
[BlackElo "1535"]
[PlyCount "53"]
[EventCountry "GER"]
[EventRounds "9"]
[EventType "swiss"]
[EventDate "2003.06.07"]

1. e4 c5 2. Nf3 Nc6 3. d4 cxd4 4. Nxd4 g6 5. Nc3 Bg7 6. Be3 Nf6 7. Bc4 O-O 8.
Bb3 d6 9. f3 Bd7 10. Qd2 a6 11. O-O-O b5 12. h4 Qc7 13. g4 b4 14. Na4 Rab8 15.
Nxc6 Bxc6 16. Bh6 Qa5 17. Bxg7 Kxg7 18. h5 Bxa4 19. hxg6 fxg6 20. Qh6+ Kh8 21.
g5 Nh5 22. Rd5 Bb5 23. Rxh5 Rf7 24. Rf5 Rg7 25. Rf7 Rxf7 26. Bxf7 gxh5 27. g6
1-0

[Event "DEM U18w 2003"]
[Site "Willingen GER"]
[Date "2003.06.08"]
[Round "2"]
[White "Auburger, Kristin"]
[Black "Wald, Elena"]
[Result "1-0"]
[Termination "normal"]
[Board "13"]
[WhiteElo "1728"]
[BlackElo "1507"]
[PlyCount "131"]
[WhiteFideId "24620726"]
[EventCountry "GER"]
[EventRounds "9"]
[EventType "swiss"]
[EventDate "2003.06.07"]

1. d4 Nf6 2. Bg5 e6 3. Nf3 Be7 4. e3 d5 5. c4 O-O 6. Bd3 Nbd7 7. O-O c5 8. Qc2
b6 9. a3 h6 10. Bh4 Bb7 11. Qe2 Rc8 12. Nbd2 Ne4 13. Bxe7 Qxe7 14. Rfc1 f5 15.
h3 g5 16. Nh2 Qg7 17. cxd5 exd5 18. Bb5 Bc6 19. Bxc6 Rxc6 20. Rc2 Rg6 21. Nxe4
dxe4 22. Qc4+ Kh8 23. Rd1 g4 24. hxg4 fxg4 25. g3 h5 26. dxc5 Nxc5 27. b4 Ne6
28. Qxe4 Ng5 29. Qd4 Nh3+ 30. Kf1 Rgf6 31. Rdd2 Qf7 32. Rc6 Qg6 33. Rxf6 Rxf6
34. Qb2 Kh7 35. Qc2 Rf5 36. Ke1 Ng1 37. Qc7+ Rf7 38. Qc2 Nh3 39. Qxg6+ Kxg6 40.
Kf1 Ng5 41. Kg2 Ne4 42. Rc2 Rd7 43. Nf1 Rd3 44. Ra2 Nd6 45. Rd2 Rxd2 46. Nxd2
Nb5 47. Nb1 Kf5 48. f3 Nd6 49. Nd2 b5 50. e4+ Ke6 51. fxg4 hxg4 52. Nb3 Nxe4
53. Nd4+ Kd5 54. Nxb5 Kc4 55. Nxa7 Nd6 56. b5 Nxb5 57. Nxb5 Kxb5 58. Kf2 Ka4
59. Ke3 Kxa3 60. Kf4 Kb4 61. Kxg4 Kc5 62. Kf5 Kd6 63. Kf6 Kd7 64. Kf7 Kd6 65.
g4 Ke5 66. g5 1-0

[Event "DEM U18w 2003"]
[Site "Willingen GER"]
[Date "2003.06.08"]
[Round "2"]
[White "Köditz, Katja"]
[Black "Kopietz, Simone"]
[Result "1/2-1/2"]
[Termination "normal"]
[Board "14"]
[WhiteElo "1681"]
[BlackElo "1477"]
[PlyCount "47"]
[EventCountry "GER"]
[EventRounds "9"]
[EventType "swiss"]
[EventDate "2003.06.07"]

1. d4 d5 2. c4 e6 3. Nc3 Nf6 4. Bg5 c6 5. e3 Nbd7 6. Nf3 Qc7 7. Bd3 Bb4 8. O-O
O-O 9. Qc2 dxc4 10. Bxc4 Bd6 11. h3 e5 12. Bd3 h6 13. Bxf6 Nxf6 14. dxe5 Bxe5
15. Nxe5 Qxe5 16. Ne2 Qg5 17. Ng3 h5 18. Nf5 Bxf5 19. Bxf5 Nd5 20. Be4 Rad8 21.
Qb3 Qe7 22. Bf3 Nf6 23. Qa4 a6 24. Qh4 1/2-1/2

[Event "DEM U18w 2003"]
[Site "Willingen GER"]
[Date "2003.06.09"]
[Round "3"]
[White "Schöne, Maria"]
[Black "Häcker, Sonja"]
[Result "1-0"]
[Termination "normal"]
[Board "1"]
[WhiteElo "2029"]
[BlackElo "2002"]
[PlyCount "65"]
[WhiteFideId "4681410"]
[BlackFideId "4680928"]
[EventCountry "GER"]
[EventRounds "9"]
[EventType "swiss"]
[EventDate "2003.06.07"]

1. e4 c5 2. Nf3 Nc6 3. d4 cxd4 4. Nxd4 Nf6 5. Nc3 d6 6. Bg5 e6 7. Qd2 Be7 8.
O-O-O O-O 9. f3 Nxd4 10. Qxd4 Qa5 11. Qd2 Rd8 12. Kb1 Qc7 13. h4 a6 14. g4 b5
15. Be3 Bb7 16. h5 d5 17. e5 Nxg4 18. Bd4 Nxe5 19. h6 g5 20. Qg2 Ng6 21. Bg7 f6
22. Bd3 Nf4 23. Qg3 Rac8 24. Qg4 Qd6 25. Ne2 Nxe2 26. Bxe2 Rc6 27. Bd3 Bc8 28.
Qh5 Bd7 29. Bg6 Rf8 30. Bxf8 Kxf8 31. Bxh7 Be8 32. Bg6 Rc8 33. h7 1-0

[Event "DEM U18w 2003"]
[Site "Willingen GER"]
[Date "2003.06.09"]
[Round "3"]
[White "Zabarska, Natalia"]
[Black "Morgenstern, Petra"]
[Result "0-1"]
[Termination "normal"]
[Board "2"]
[WhiteElo "1663"]
[BlackElo "2119"]
[PlyCount "79"]
[WhiteFideId "24608009"]
[BlackFideId "4690710"]
[EventCountry "GER"]
[EventRounds "9"]
[EventType "swiss"]
[EventDate "2003.06.07"]

1. f4 d5 2. Nf3 c5 3. e3 g6 4. Be2 Bg7 5. O-O Nc6 6. Bb5 Qc7 7. Bxc6+ Qxc6 8.
Ne5 Qc7 9. d4 Nf6 10. c3 O-O 11. Nd2 b6 12. Qe1 Ng4 13. Nxg4 Bxg4 14. Qh4 Be2
15. Rf2 Bd3 16. Nf3 f6 17. g4 Rae8 18. g5 e5 19. Qg3 exf4 20. exf4 fxg5 21. Ne5
Be4 22. Bd2 Rf5 23. Raf1 Ref8 24. fxg5 Rxf2 25. Rxf2 Rxf2 26. Kxf2 cxd4 27.
cxd4 Qc2 28. Qf4 Bf5 29. Nf3 Qxb2 30. Qb8+ Bf8 31. Kg3 Qa3 32. Kf2 Qxa2 33. Kg3
Qa3 34. Kf2 Qa4 35. Qe5 Qd7 36. Qb8 Kg7 37. Ne5 Qe7 38. Bf4 Qa3 39. Qb7+ Qe7
40. Nc6 0-1

[Event "DEM U18w 2003"]
[Site "Willingen GER"]
[Date "2003.06.09"]
[Round "3"]
[White "Czäczine, Anne"]
[Black "Rath, Alina"]
[Result "1-0"]
[Termination "normal"]
[Board "3"]
[WhiteElo "2072"]
[BlackElo "1579"]
[PlyCount "63"]
[WhiteFideId "4679326"]
[BlackFideId "24607886"]
[EventCountry "GER"]
[EventRounds "9"]
[EventType "swiss"]
[EventDate "2003.06.07"]

1. e4 c5 2. Nf3 Nc6 3. d4 cxd4 4. Nxd4 Nf6 5. Nc3 d6 6. Bg5 e6 7. Qd2 Be7 8.
O-O-O Nxd4 9. Qxd4 O-O 10. f4 Qa5 11. Kb1 Rd8 12. Qd2 a6 13. Nd5 Qxd2 14. Nxe7+
Kf8 15. Rxd2 Nxe4 16. Re2 Nxg5 17. Nxc8 Raxc8 18. fxg5 Rc5 19. h4 Rd5 20. Kc1
Ke7 21. Rd2 Ra5 22. a3 e5 23. Bd3 h6 24. gxh6 gxh6 25. Bf5 d5 26. Re1 Kf6 27.
Rf2 d4 28. Bc8+ Ke7 29. Bxb7 f6 30. Rf3 Rc5 31. Bxa6 Rd6 32. Bd3 1-0

[Event "DEM U18w 2003"]
[Site "Willingen GER"]
[Date "2003.06.09"]
[Round "3"]
[White "Blodig, Carolin"]
[Black "Vaideslaver, Olga"]
[Result "0-1"]
[Termination "normal"]
[Board "4"]
[WhiteElo "1946"]
[BlackElo "1787"]
[PlyCount "124"]
[WhiteFideId "4692012"]
[EventCountry "GER"]
[EventRounds "9"]
[EventType "swiss"]
[EventDate "2003.06.07"]

1. e4 g6 2. d4 Bg7 3. Nf3 d6 4. Bc4 c6 5. Nc3 e6 6. Qe2 Ne7 7. Bb3 O-O 8. O-O
d5 9. Bf4 a6 10. Rad1 b5 11. Rfe1 Bb7 12. Bg5 Re8 13. Qd2 Qc7 14. Qe3 f6 15.
Bf4 Qd8 16. e5 f5 17. Ng5 Nc8 18. Qh3 h6 19. Nf3 g5 20. Bxg5 hxg5 21. Qh5 g4
22. Ng5 Re7 23. Rd3 Qe8 24. Qh4 Qg6 25. g3 Bh6 26. f4 Bxg5 27. Qxg5 Qxg5 28.
fxg5 Rg7 29. Ne2 Rxg5 30. Nf4 Kf7 31. Kf2 Nd7 32. Rh1 c5 33. dxc5 Nxc5 34. Rdd1
Nxb3 35. cxb3 Ne7 36. h4 gxh3 37. Rxh3 Rg7 38. Rh6 Bc8 39. Rc1 Ra7 40. Nh5 Rg8
41. Rh7+ Kg6 42. Nf6 Rg7 43. Rh8 Bb7 44. Rch1 Bc6 45. R8h6+ Kf7 46. Nh5 Rg6 47.
Rh8 Ra8 48. Rh7+ Kf8 49. Nf4 Re8 50. Nxg6+ Nxg6 51. Rc7 Ba8 52. Rh6 Ne7 53.
Rxe6 d4 54. Rxa6 d3 55. Rd6 Be4 56. Ke1 Nd5 57. Rh7 Kg8 58. Ra7 Rc8 59. a4 Rc1+
60. Kd2 Rc2+ 61. Kd1 Bf3+ 62. Ke1 d2+ 0-1

[Event "DEM U18w 2003"]
[Site "Willingen GER"]
[Date "2003.06.09"]
[Round "3"]
[White "Lobe, Sandra"]
[Black "Hofmann, Annett"]
[Result "0-1"]
[Termination "normal"]
[Board "5"]
[WhiteElo "1473"]
[BlackElo "1844"]
[PlyCount "74"]
[BlackFideId "24603759"]
[EventCountry "GER"]
[EventRounds "9"]
[EventType "swiss"]
[EventDate "2003.06.07"]

1. e4 c5 2. Nf3 d6 3. d4 cxd4 4. Nxd4 Nf6 5. Nc3 a6 6. Be3 e6 7. Qd2 Nbd7 8.
Bd3 Be7 9. O-O Qc7 10. Nde2 b5 11. a3 Bb7 12. f3 O-O 13. Ng3 Ne5 14. Rac1 Rad8
15. Bd4 Nc4 16. Bxc4 Qxc4 17. Bf2 b4 18. axb4 Qxb4 19. Qd4 d5 20. e5 Nd7 21. f4
Rc8 22. Qxb4 Bxb4 23. Nge2 a5 24. g3 Ba6 25. Bd4 Bxc3 26. Bxc3 Bxe2 27. Rfe1
Bc4 28. Bxa5 Rb8 29. b3 Bb5 30. Kf2 Rfc8 31. Ke3 Nc5 32. Red1 h6 33. Be1 Ra8
34. Kd4 Ra2 35. Bb4 Rxc2 36. Bxc5 R8xc5 37. Rxc2 Rxc2 0-1

[Event "DEM U18w 2003"]
[Site "Willingen GER"]
[Date "2003.06.09"]
[Round "3"]
[White "Stejskal, Janina Maria"]
[Black "Fey, Franziska"]
[Result "0-1"]
[Termination "normal"]
[Board "6"]
[WhiteElo "1744"]
[BlackElo "2045"]
[PlyCount "64"]
[WhiteFideId "24601942"]
[BlackFideId "4672992"]
[EventCountry "GER"]
[EventRounds "9"]
[EventType "swiss"]
[EventDate "2003.06.07"]

1. Nf3 d5 2. c4 c6 3. b3 Bf5 4. Bb2 e6 5. g3 Nf6 6. Bg2 h6 7. d3 Be7 8. Nbd2
O-O 9. O-O a5 10. a3 Na6 11. Re1 Bh7 12. e4 Nc5 13. e5 Nfd7 14. Bd4 Nxd3 15.
Re3 c5 16. Rxd3 Bxd3 17. Ne1 Bh7 18. Bb2 Nb6 19. cxd5 Nxd5 20. Ne4 Qb6 21. Nd3
Rfd8 22. Nd6 Bxd6 23. exd6 Qxd6 24. Qg4 f6 25. Bxd5 exd5 26. Nxc5 Qxc5 27. Bxf6
Qf8 28. Bxd8 Rxd8 29. b4 axb4 30. axb4 Qf5 31. Qh4 Rf8 32. Rf1 Qf3 0-1

[Event "DEM U18w 2003"]
[Site "Willingen GER"]
[Date "2003.06.09"]
[Round "3"]
[White "Thiery, Jennifer"]
[Black "Beltz, Franziska"]
[Result "0-1"]
[Termination "normal"]
[Board "7"]
[WhiteElo "1738"]
[BlackElo "2010"]
[PlyCount "64"]
[BlackFideId "4681401"]
[EventCountry "GER"]
[EventRounds "9"]
[EventType "swiss"]
[EventDate "2003.06.07"]

1. e4 c5 2. Nf3 d6 3. d4 cxd4 4. Nxd4 Nf6 5. Nc3 a6 6. Be2 e5 7. Nf3 Be6 8. O-O
Be7 9. Bg5 Nbd7 10. Qd2 b5 11. a3 O-O 12. Rfd1 Qb6 13. h3 Rac8 14. Rac1 Rfd8
15. Ne1 Nc5 16. Qe3 Ncd7 17. Qd2 Nc5 18. Qe3 Ncd7 19. Qd2 Qb7 20. Nd3 Rxc3 21.
Bxf6 Rxd3 22. Qxd3 Nxf6 23. Bf3 Rc8 24. Kh1 h6 25. Rd2 Nd7 26. Re1 Nc5 27. Qe2
Rd8 28. Red1 Na4 29. Rb1 Qc7 30. c3 Nc5 31. Re1 Bc4 32. Qd1 Bg5 0-1

[Event "DEM U18w 2003"]
[Site "Willingen GER"]
[Date "2003.06.09"]
[Round "3"]
[White "Mass, Elvira"]
[Black "Horstmann, Astrid"]
[Result "0-1"]
[Termination "normal"]
[Board "8"]
[WhiteElo "1733"]
[BlackElo "1993"]
[PlyCount "96"]
[WhiteFideId "4695623"]
[BlackFideId "4698584"]
[EventCountry "GER"]
[EventRounds "9"]
[EventType "swiss"]
[EventDate "2003.06.07"]

1. e4 c5 2. c3 d5 3. exd5 Qxd5 4. d4 Nc6 5. Nf3 Bg4 6. Be2 cxd4 7. cxd4 Nf6 8.
Nc3 Qa5 9. O-O e6 10. h3 Bh5 11. a3 Be7 12. Be3 Qd8 13. b4 Rc8 14. Rc1 O-O 15.
Qd2 Qd7 16. Rfd1 Rfd8 17. g4 Bg6 18. Qb2 Bd6 19. Ne5 Qe7 20. Nxg6 hxg6 21. Bf3
a5 22. Bxc6 bxc6 23. Rb1 Rb8 24. g5 Nd5 25. Nxd5 exd5 26. Qc2 axb4 27. axb4
Rdc8 28. Rd3 Qe4 29. Qd1 Rxb4 30. Rxb4 Bxb4 31. Rb3 Bd6 32. Qc1 Qf3 33. Qf1 Bf4
34. Rd3 Bxe3 35. fxe3 Qg3+ 36. Qg2 Qxg2+ 37. Kxg2 f6 38. h4 Kf7 39. Kf3 Ke6 40.
Kf4 c5 41. dxc5 Rxc5 42. gxf6 gxf6 43. Rd1 Rc4+ 44. Kg3 Ke5 45. Re1 Re4 46. Re2
Ke6 47. Re1 d4 48. Kf3 Kf5 0-1

[Event "DEM U18w 2003"]
[Site "Willingen GER"]
[Date "2003.06.09"]
[Round "3"]
[White "Zhang, Fan"]
[Black "Bloß, Steffi"]
[Result "0-1"]
[Termination "normal"]
[Board "9"]
[WhiteElo "1896"]
[BlackElo "1710"]
[PlyCount "88"]
[WhiteFideId "24609730"]
[EventCountry "GER"]
[EventRounds "9"]
[EventType "swiss"]
[EventDate "2003.06.07"]

1. d4 Nf6 2. Nf3 g6 3. Bf4 d6 4. e3 Bg7 5. h3 O-O 6. Be2 Nfd7 7. c3 e5 8. Bh2
Qe7 9. O-O b6 10. a4 a5 11. Na3 Bb7 12. Rc1 Kh8 13. Re1 Nc6 14. Nb5 Rac8 15.
Qc2 f5 16. d5 Nd8 17. c4 c6 18. dxc6 Nxc6 19. Qd2 Rf6 20. Bg3 Re6 21. Red1 Nc5
22. Qc2 Nb4 23. Qb1 Nxa4 24. c5 Nxc5 25. Nc3 d5 26. Na2 Nxa2 27. Qxa2 Rd6 28.
Qa3 Rcd8 29. b4 axb4 30. Qxb4 Ne4 31. Bh2 Re6 32. Qb3 Bf6 33. Rb1 Rdd6 34. Bb5
Qd8 35. Rbc1 Nc5 36. Qb4 Ba6 37. Bxa6 Nxa6 38. Qb5 Nc5 39. Ra1 Kg7 40. Ra7+ Re7
41. Raa1 Qe8 42. Qb4 Rc7 43. Rab1 Rcc6 44. Qb2 Na4 0-1

[Event "DEM U18w 2003"]
[Site "Willingen GER"]
[Date "2003.06.09"]
[Round "3"]
[White "Auburger, Kristin"]
[Black "Janotta, Steffi"]
[Result "0-1"]
[Termination "normal"]
[Board "10"]
[WhiteElo "1728"]
[BlackElo "1768"]
[PlyCount "156"]
[WhiteFideId "24620726"]
[BlackFideId "4696344"]
[EventCountry "GER"]
[EventRounds "9"]
[EventType "swiss"]
[EventDate "2003.06.07"]

1. d4 d5 2. Nf3 Nf6 3. Bg5 e6 4. e3 c5 5. c3 Nc6 6. Nbd2 Be7 7. Bd3 c4 8. Be2
b5 9. b3 Bb7 10. O-O O-O 11. Qc2 cxb3 12. axb3 Qb6 13. Ne5 Rfd8 14. Rfc1 h6 15.
Bh4 g5 16. Bg3 Nxe5 17. Bxe5 Rdc8 18. Qb2 Rc6 19. Rab1 Ba6 20. Bf3 Rac8 21. e4
Qd8 22. b4 Bb7 23. Ra1 a6 24. Qb3 g4 25. Bxf6 Bxf6 26. exd5 Bxd4 27. dxc6 Bxf2+
28. Kxf2 Qxd2+ 29. Kf1 gxf3 30. gxf3 Qd3+ 31. Kg2 Qe2+ 32. Kg3 Kh8 33. Qd1 Rg8+
34. Kf4 Qxh2+ 35. Ke3 Qe5+ 36. Kf2 Qg3+ 37. Ke2 Bxc6 38. Qd4+ e5 39. Qf2 Qf4
40. Rg1 Qc4+ 41. Kd2 Rd8+ 42. Kc2 Qd3+ 43. Kb2 Qxf3 44. Qxf3 Bxf3 45. Rxa6 Kh7
46. Rf6 Bd5 47. Rd1 Rd7 48. Rf5 Be6 49. Rxd7 Bxf5 50. Rxf7+ Kg6 51. Ra7 h5 52.
Ra1 Bd3 53. Re1 Kf5 54. Kc1 Kf4 55. Kd2 e4 56. Rh1 Kg4 57. Ke3 h4 58. Rg1+ Kh3
59. Kf2 Kh2 60. Rg2+ Kh3 61. Rg1 Bc2 62. Rh1+ Kg4 63. Rg1+ Kh5 64. Kg2 Bb3 65.
Kh2 Bc4 66. Re1 Bd3 67. Kh3 Kg5 68. Rg1+ Kf4 69. Kxh4 e3 70. Kh3 Kf3 71. Kh2 e2
72. Rg3+ Kf2 73. Rg2+ Ke3 74. Rg1 Kd2 75. c4 Bxc4 76. Rg2 Kd1 77. Rg1+ e1=Q 78.
Rxe1+ Kxe1 0-1

[Event "DEM U18w 2003"]
[Site "Willingen GER"]
[Date "2003.06.09"]
[Round "3"]
[White "Kopietz, Simone"]
[Black "Seeger, Franziska"]
[Result "0-1"]
[Termination "normal"]
[Board "11"]
[WhiteElo "1477"]
[BlackElo "2117"]
[PlyCount "84"]
[BlackFideId "4690982"]
[EventCountry "GER"]
[EventRounds "9"]
[EventType "swiss"]
[EventDate "2003.06.07"]

1. e4 e5 2. Nf3 Nc6 3. Bb5 a6 4. Ba4 Nf6 5. O-O Be7 6. Re1 b5 7. Bb3 O-O 8. c3
d6 9. d4 exd4 10. cxd4 Bg4 11. d5 Ne5 12. Nbd2 Nfd7 13. h3 Bh5 14. g4 Bg6 15.
Nxe5 Nxe5 16. Nf3 Qd7 17. Nxe5 dxe5 18. f4 Bc5+ 19. Kg2 exf4 20. Bxf4 Rfe8 21.
e5 Rad8 22. Rc1 Bb6 23. e6 fxe6 24. dxe6 Qe7 25. Qd7 Kf8 26. Qxe7+ Rxe7 27. Bg5
c5 28. Bxe7+ Kxe7 29. Rcd1 Rxd1 30. Bxd1 c4 31. Bf3 Bd4 32. Be4 Be8 33. Bxh7
Bxb2 34. Be4 b4 35. Kf3 c3 36. Bc2 Bc6+ 37. Kf2 Bd5 38. Bb1 a5 39. Re5 c2 40.
Bxc2 Bxe5 41. Bb3 Bxb3 42. axb3 a4 0-1

[Event "DEM U18w 2003"]
[Site "Willingen GER"]
[Date "2003.06.09"]
[Round "3"]
[White "Brethauer, Sarah"]
[Black "Köditz, Katja"]
[Result "1-0"]
[Termination "normal"]
[Board "12"]
[WhiteElo "1646"]
[BlackElo "1681"]
[PlyCount "59"]
[WhiteFideId "24605220"]
[EventCountry "GER"]
[EventRounds "9"]
[EventType "swiss"]
[EventDate "2003.06.07"]

1. e4 Nf6 2. e5 Nd5 3. d4 d6 4. c4 Nb6 5. exd6 cxd6 6. d5 g6 7. Qd4 f6 8. Nc3
Bg7 9. Nf3 O-O 10. Be2 N8d7 11. Qh4 Qc7 12. Nd4 Ne5 13. b3 Nf7 14. Be3 f5 15.
Rc1 Bf6 16. Qg3 Bd7 17. h4 Kh8 18. Ncb5 Qd8 19. Ne6 Bxe6 20. dxe6 Ne5 21. f4
Nc6 22. h5 gxh5 23. Bxh5 Rg8 24. Qh3 Rg7 25. Bg6 Qg8 26. Bf7 Qf8 27. Qxf5 Nd8
28. Nxd6 exd6 29. Qxf6 Nxe6 30. Rxh7+ 1-0

[Event "DEM U18w 2003"]
[Site "Willingen GER"]
[Date "2003.06.09"]
[Round "3"]
[White "Buncke, Johanna"]
[Black "Becker, Natalie"]
[Result "0-1"]
[Termination "normal"]
[Board "13"]
[WhiteElo "1535"]
[BlackElo "1597"]
[PlyCount "72"]
[EventCountry "GER"]
[EventRounds "9"]
[EventType "swiss"]
[EventDate "2003.06.07"]

1. e4 g6 2. d4 Bg7 3. c3 d6 4. f4 Nf6 5. Bd3 O-O 6. Nf3 c6 7. O-O Nbd7 8. e5
Nd5 9. Qe2 Nc7 10. Be3 c5 11. exd6 exd6 12. dxc5 dxc5 13. Nbd2 Nd5 14. Qf2 Nxe3
15. Qxe3 Re8 16. Qf2 Qc7 17. Qh4 Nf6 18. Rae1 Bd7 19. Ne5 Nd5 20. Qg3 Re7 21.
Nxd7 Qxd7 22. Rxe7 Nxe7 23. Nc4 Rd8 24. Rf3 f6 25. b3 b5 26. Nb2 a6 27. Rf1 f5
28. Rd1 Qc7 29. Qe1 Kh8 30. a4 Nd5 31. Qf1 Bxc3 32. Rb1 Nxf4 33. Bc2 Rd2 34. g3
Ne2+ 35. Kh1 Qc6+ 36. Qg2 Nxg3+ 0-1

[Event "DEM U18w 2003"]
[Site "Willingen GER"]
[Date "2003.06.09"]
[Round "3"]
[White "Lunz, Pia"]
[Black "Wald, Elena"]
[Result "1/2-1/2"]
[Termination "normal"]
[Board "14"]
[WhiteElo "1593"]
[BlackElo "1507"]
[PlyCount "86"]
[EventCountry "GER"]
[EventRounds "9"]
[EventType "swiss"]
[EventDate "2003.06.07"]

1. d4 Nf6 2. c4 g6 3. Nc3 Bg7 4. e4 d6 5. Nf3 O-O 6. Be2 c6 7. O-O Na6 8. Be3
Nc7 9. Rc1 Re8 10. b4 b6 11. d5 Bb7 12. Nd4 c5 13. bxc5 dxc5 14. Ndb5 Nxb5 15.
cxb5 Qc7 16. Qb3 Rf8 17. Rfd1 Rad8 18. f3 Bc8 19. Bc4 Nh5 20. g4 Nf4 21. Ne2
Nxe2+ 22. Bxe2 Be5 23. Kg2 Bxh2 24. Bf2 Be5 25. a4 Qd6 26. a5 Kg7 27. Rf1 Bf4
28. Rc2 Rh8 29. axb6 axb6 30. Rh1 h5 31. gxh5 Rxh5 32. Rxh5 gxh5 33. Qc3+ Be5
34. Qe3 Qg6+ 35. Kf1 Bh3+ 36. Ke1 Qg2 37. Bh4 Bd4 38. Qg5+ Qxg5 39. Bxg5 f6 40.
Bf4 Be5 41. Be3 Kg6 42. f4 Bd6 43. f5+ Kg7 1/2-1/2

[Event "DEM U18w 2003"]
[Site "Willingen GER"]
[Date "2003.06.10"]
[Round "4"]
[White "Morgenstern, Petra"]
[Black "Czäczine, Anne"]
[Result "0-1"]
[Termination "normal"]
[Board "2"]
[WhiteElo "2119"]
[BlackElo "2072"]
[PlyCount "68"]
[WhiteFideId "4690710"]
[BlackFideId "4679326"]
[EventCountry "GER"]
[EventRounds "9"]
[EventType "swiss"]
[EventDate "2003.06.07"]

1. d4 d5 2. c4 c6 3. Nc3 Nf6 4. a4 e6 5. Nf3 Nbd7 6. Bg5 Qa5 7. Bxf6 Nxf6 8.
Nd2 Bb4 9. Qc2 O-O 10. e3 Qc7 11. Bd3 e5 12. cxd5 exd4 13. exd4 Bxc3 14. bxc3
Re8+ 15. Kf1 cxd5 16. c4 dxc4 17. Qxc4 Qf4 18. Nf3 Be6 19. Qc1 Qd6 20. h3 Rac8
21. Qb2 Bd5 22. Ne5 Nh5 23. Bf5 Rc7 24. Qb1 g6 25. Be4 Bxe4 26. Qxe4 f6 27. Nc4
Qd7 28. Qd3 Rec8 29. Ne3 Rc1+ 30. Rxc1 Rxc1+ 31. Nd1 Qxa4 32. Ke1 Nf4 33. Qd2
Nxg2+ 34. Ke2 Rc2 0-1

[Event "DEM U18w 2003"]
[Site "Willingen GER"]
[Date "2003.06.10"]
[Round "4"]
[White "Beltz, Franziska"]
[Black "Janotta, Steffi"]
[Result "0-1"]
[Termination "normal"]
[Board "4"]
[WhiteElo "2010"]
[BlackElo "1768"]
[PlyCount "100"]
[WhiteFideId "4681401"]
[BlackFideId "4696344"]
[EventCountry "GER"]
[EventRounds "9"]
[EventType "swiss"]
[EventDate "2003.06.07"]

1. e4 e5 2. Nf3 Nc6 3. Bb5 a6 4. Bxc6 dxc6 5. O-O f6 6. d4 exd4 7. Nxd4 c5 8.
Nb3 Qxd1 9. Rxd1 Bd6 10. Na5 Bg4 11. f3 O-O-O 12. Nc3 Be6 13. Nb3 Ne7 14. Be3
b6 15. Ne2 Nc6 16. c3 Rhe8 17. Nd2 Bf7 18. Nf1 Ne5 19. b3 c4 20. b4 Nd3 21.
Rab1 b5 22. a4 c6 23. axb5 cxb5 24. Rd2 Kb7 25. Ra1 Bg6 26. Nd4 Be5 27. Rda2
Ra8 28. Kh1 h5 29. Kg1 Bh7 30. Kh1 g5 31. g3 g4 32. f4 Bxe4+ 33. Kg1 Bc7 34.
Nd2 Bb6 35. Nf1 f5 36. Nd2 h4 37. gxh4 Bf3 38. Nf1 Nxb4 39. cxb4 Rxe3 40. Nxe3
Bxd4 41. Re1 Re8 42. Kf2 Re4 43. h5 Rxf4 44. Kf1 Be4+ 45. Ke2 Rf3 46. Nc2 Rf2+
47. Kd1 Rxh2 48. h6 Bc3 49. Rf1 g3 50. h7 g2 0-1

[Event "DEM U18w 2003"]
[Site "Willingen GER"]
[Date "2003.06.10"]
[Round "4"]
[White "Häcker, Sonja"]
[Black "Zabarska, Natalia"]
[Result "1-0"]
[Termination "normal"]
[Board "5"]
[WhiteElo "2002"]
[BlackElo "1663"]
[PlyCount "85"]
[WhiteFideId "4680928"]
[BlackFideId "24608009"]
[EventCountry "GER"]
[EventRounds "9"]
[EventType "swiss"]
[EventDate "2003.06.07"]

1. e4 e5 2. Nf3 Nc6 3. Bb5 f5 4. Bxc6 dxc6 5. Nxe5 Qd4 6. Nf3 Qxe4+ 7. Qe2
Qxe2+ 8. Kxe2 Bd6 9. Re1 Ne7 10. d4 O-O 11. Nbd2 Be6 12. c4 Ng6 13. Kf1 Rae8
14. b3 Bd7 15. Bb2 Nf4 16. Bc3 Ne6 17. Rad1 Re7 18. g3 Rfe8 19. c5 Nxc5 20.
dxc5 Bxc5 21. Rxe7 Rxe7 22. Re1 Rxe1+ 23. Kxe1 Be6 24. Nd4 Bd7 25. N2f3 Bd6 26.
Kd2 f4 27. Ne2 Bg4 28. Ne5 fxg3 29. fxg3 Be6 30. Nf4 Bf5 31. Ned3 Kf7 32. Ke3
g5 33. Ne2 Kg6 34. Nd4 Bd7 35. Nf3 Kf5 36. Nde5 Bc5+ 37. Kd3 Be8 38. g4+ Ke6
39. Nxg5+ Kd5 40. Nxh7 Ke6 41. Ke4 Bd6 42. Ng5+ Kf6 43. h4 1-0